[Event "European Women's Championship"]
[Site "Vysoke Tatry"]
[Date "2018.04.13"]
[Round "6"]
[White "Slaba, Andrea"]
[Black "Smirnova, Ekaterina"]
[Result "0-1"]
[Board "65"]
[WhiteElo "1924"]
[WhiteCountry "SVK"]
[WhiteFideId "14940680"]
[WhiteEloChange "-4"]
[BlackElo "2153"]
[BlackTitle "WFM"]
[BlackCountry "RUS"]
[BlackFideId "4110943"]
[BlackEloChange "4"]

1. d4 {[%clk 1:30:57]} d5 {[%clk 1:30:49]} 2. c4 {[%clk 1:30:52]} c6 {[%clk
1:31:13]} 3. Nc3 {[%clk 1:30:32]} Nf6 {[%clk 1:30:16]} 4. e3 {[%clk 1:30:43]} a6
{[%clk 1:30:10]} 5. Nf3 {[%clk 1:30:08]} b5 {[%clk 1:30:32]} 6. b3 {[%clk
1:29:59]} Bg4 {[%clk 1:30:55]} 7. Be2 {[%clk 1:30:24]} e6 {[%clk 1:30:48]} 8. O-O
{[%clk 1:30:01]} Nbd7 {[%clk 1:27:46]} 9. h3 {[%clk 1:29:29]} Bh5 {[%clk
1:27:25]} 10. Bb2 {[%clk 1:28:38]} Bd6 {[%clk 1:27:48]} 11. Ne5 {[%clk 1:22:51]}
Bxe2 {[%clk 1:28:13]} 12. Nxe2 {[%clk 1:23:08]} Qc7 {[%clk 1:28:35]} 13. cxd5
{[%clk 1:23:05]} cxd5 {[%clk 1:28:48]} 14. Rc1 {[%clk 1:23:29]} Qb8 {[%clk
1:28:36]} 15. Nxd7 {[%clk 1:23:53]} Kxd7 {[%clk 1:23:05]} 16. f3 {[%clk 1:23:19]}
Qb7 {[%clk 1:17:41]} 17. Qd3 {[%clk 1:21:39]} Rhf8 {[%clk 1:04:04]} 18. Nc3
{[%clk 1:20:01]} g6 {[%clk 0:49:09]} 19. Rfd1 {[%clk 1:14:48]} Rfc8 {[%clk
0:47:35]} 20. Ne2 {[%clk 1:04:05]} Ke8 {[%clk 0:41:07]} 21. Rxc8+ {[%clk
1:04:25]} Rxc8 {[%clk 0:41:36]} 22. Rc1 {[%clk 1:04:38]} Rc6 {[%clk 0:37:02]} 23.
Rxc6 {[%clk 1:05:01]} Qxc6 {[%clk 0:37:31]} 24. Qc3 {[%clk 1:04:32]} Qxc3 {[%clk
0:37:53]} 25. Nxc3 {[%clk 1:04:33]} Kd7 {[%clk 0:36:35]} 26. Kf2 {[%clk 1:04:54]}
Kc6 {[%clk 0:35:21]} 27. Ke2 {[%clk 1:04:19]} Nd7 {[%clk 0:26:02]} 28. Nb1 {[%clk
1:02:16]} a5 {[%clk 0:23:07]} 29. Ba3 {[%clk 1:01:44]} b4 {[%clk 0:22:47]} 30.
Bb2 {[%clk 1:01:57]} Nb6 {[%clk 0:22:48]} 31. Bc1 {[%clk 1:01:02]} Nc8 {[%clk
0:22:47]} 32. Bd2 {[%clk 0:59:43]} Na7 {[%clk 0:23:05]} 33. Be1 {[%clk 0:59:33]}
Nb5 {[%clk 0:23:23]} 34. Kd3 {[%clk 0:59:27]} Bc7 {[%clk 0:23:32]} 35. Bh4 {[%clk
0:58:46]} Kd7 {[%clk 0:22:45]} 36. Be1 {[%clk 0:58:36]} f6 {[%clk 0:21:22]} 37.
f4 {[%clk 0:57:27]} Ke7 {[%clk 0:20:51]} 38. Bh4 {[%clk 0:57:18]} Kf7 {[%clk
0:21:16]} 39. Be1 {[%clk 0:57:37]} h6 {[%clk 0:19:15]} 40. h4 {[%clk 1:25:51]} h5
{[%clk 0:48:32]} 41. Ke2 {[%clk 1:22:43]} Bd8 {[%clk 0:44:15]} 42. Kf3 {[%clk
1:18:58]} g5 {[%clk 0:38:44]} 43. hxg5 {[%clk 1:19:13]} fxg5 {[%clk 0:39:12]} 44.
fxg5 {[%clk 1:19:32]} Bxg5 {[%clk 0:39:36]} 45. Ke2 {[%clk 1:18:06]} Kg6 {[%clk
0:39:54]} 46. Kd3 {[%clk 1:17:40]} Kf5 {[%clk 0:39:36]} 47. Ke2 {[%clk 1:15:21]}
Kg4 {[%clk 0:38:50]} 48. Kd3 {[%clk 1:13:53]} Bh4 {[%clk 0:38:16]} 49. Bd2 {[%clk
1:14:15]} Bf2 {[%clk 0:30:40]} 50. Ke2 {[%clk 1:14:43]} Kg3 {[%clk 0:29:16]} 51.
Kf1 {[%clk 1:15:10]} h4 {[%clk 0:28:45]} 52. Bc1 {[%clk 1:14:41]} Nd6 {[%clk
0:28:55]} 53. a3 {[%clk 1:15:01]} Nf5 {[%clk 0:28:39]} 54. axb4 {[%clk 1:15:16]}
axb4 {[%clk 0:29:08]} 55. Bd2 {[%clk 1:15:18]} Nxe3+ {[%clk 0:26:53]} 56. Ke2
{[%clk 1:15:39]} Nxg2 {[%clk 0:24:09]} 57. Bxb4 {[%clk 1:15:28]} Bxd4 {[%clk
0:24:16]} 58. Nd2 {[%clk 1:15:25]} Nf4+ {[%clk 0:24:30]} 59. Kd1 {[%clk 1:15:13]}
h3 {[%clk 0:23:09]} 60. Nf1+ {[%clk 1:15:16]} Kg2 {[%clk 0:23:12]} 61. Bd6 {[%clk
1:15:30]} Kxf1 {[%clk 0:21:08]} 0-1

[Event "European Women's Championship"]
[Site "Vysoke Tatry"]
[Date "2018.04.13"]
[Round "6"]
[White "Vidic, Teja"]
[Black "Hereklioglu, Sude"]
[Result "1-0"]
[Board "66"]
[WhiteElo "2176"]
[WhiteTitle "WFM"]
[WhiteCountry "SLO"]
[WhiteFideId "14605511"]
[WhiteEloChange "8"]
[BlackElo "2123"]
[BlackTitle "WFM"]
[BlackCountry "TUR"]
[BlackFideId "6359531"]
[BlackEloChange "-8"]

1. e4 {[%clk 1:30:59]} c5 {[%clk 1:30:53]} 2. Nf3 {[%clk 1:31:24]} e6 {[%clk
1:31:16]} 3. c3 {[%clk 1:31:38]} d5 {[%clk 1:31:27]} 4. exd5 {[%clk 1:32:01]}
Qxd5 {[%clk 1:31:50]} 5. d4 {[%clk 1:32:26]} Nf6 {[%clk 1:31:57]} 6. Na3 {[%clk
1:32:50]} a6 {[%clk 1:31:29]} 7. Nc4 {[%clk 1:33:11]} Nbd7 {[%clk 1:31:53]} 8. a4
{[%clk 1:33:37]} b6 {[%clk 1:30:29]} 9. Be3 {[%clk 1:34:02]} Bb7 {[%clk 1:26:07]}
10. dxc5 {[%clk 1:34:27]} Bxc5 {[%clk 1:26:06]} 11. Bxc5 {[%clk 1:32:14]} Qxc5
{[%clk 1:26:12]} 12. Nd6+ {[%clk 1:30:30]} Ke7 {[%clk 1:26:34]} 13. Nxb7 {[%clk
1:30:51]} Qc7 {[%clk 1:26:57]} 14. Be2 {[%clk 1:20:56]} Qxb7 {[%clk 1:27:05]} 15.
O-O {[%clk 1:20:25]} Qc7 {[%clk 1:16:46]} 16. Qb3 {[%clk 1:19:43]} h5 {[%clk
1:10:05]} 17. Qa3+ {[%clk 1:16:50]} Ke8 {[%clk 1:09:33]} 18. Rfd1 {[%clk
1:14:09]} Nc5 {[%clk 1:08:30]} 19. Rd4 {[%clk 1:01:44]} e5 {[%clk 1:03:01]} 20.
Rc4 {[%clk 1:00:55]} e4 {[%clk 0:48:15]} 21. b4 {[%clk 0:59:24]} Ng4 {[%clk
0:47:28]} 22. bxc5 {[%clk 0:57:50]} exf3 {[%clk 0:47:06]} 23. Bxf3 {[%clk
0:57:41]} Qxh2+ {[%clk 0:47:18]} 24. Kf1 {[%clk 0:58:09]} Qh4 {[%clk 0:45:46]}
25. Re1+ {[%clk 0:47:51]} Kf8 {[%clk 0:43:25]} 26. cxb6+ {[%clk 0:47:25]} Kg8
{[%clk 0:43:49]} 27. Rxg4 {[%clk 0:47:32]} hxg4 {[%clk 0:42:40]} 28. Bxa8 {[%clk
0:47:57]} Qd8 {[%clk 0:41:07]} 29. Be4 {[%clk 0:44:53]} Qxb6 {[%clk 0:21:14]} 30.
Qb4 {[%clk 0:42:48]} Qd8 {[%clk 0:19:45]} 31. Rb1 {[%clk 0:41:22]} Rh1+ {[%clk
0:19:19]} 32. Ke2 {[%clk 0:41:50]} Rxb1 {[%clk 0:19:37]} 33. Qxb1 {[%clk
0:41:20]} Qe8 {[%clk 0:19:21]} 34. Qb7 {[%clk 0:40:46]} g6 {[%clk 0:19:25]} 35.
Qa8 {[%clk 0:40:51]} Kf8 {[%clk 0:19:14]} 36. Qxe8+ {[%clk 0:41:07]} Kxe8 {[%clk
0:19:39]} 37. a5 {[%clk 0:41:19]} Kd7 {[%clk 0:20:02]} 38. Bb7 {[%clk 0:41:43]}
1-0

[Event "European Women's Championship"]
[Site "Vysoke Tatry"]
[Date "2018.04.13"]
[Round "6"]
[White "Pavlidou, Ekaterini"]
[Black "Zpevakova, Jana"]
[Result "1/2-1/2"]
[Board "67"]
[WhiteElo "2164"]
[WhiteTitle "WIM"]
[WhiteCountry "GRE"]
[WhiteFideId "4213262"]
[WhiteEloChange "-2"]
[BlackElo "2106"]
[BlackCountry "CZE"]
[BlackFideId "334030"]
[BlackEloChange "2"]

1. d4 {[%clk 1:30:52]} d5 {[%clk 1:30:50]} 2. c4 {[%clk 1:31:06]} e6 {[%clk
1:31:11]} 3. Nf3 {[%clk 1:30:50]} Nf6 {[%clk 1:31:23]} 4. g3 {[%clk 1:30:09]}
dxc4 {[%clk 1:30:54]} 5. Qa4+ {[%clk 1:27:20]} c6 {[%clk 1:29:29]} 6. Qxc4 {[%clk
1:27:40]} b5 {[%clk 1:28:56]} 7. Qc2 {[%clk 1:24:30]} Bb7 {[%clk 1:28:57]} 8. Bg2
{[%clk 1:24:33]} Nbd7 {[%clk 1:29:00]} 9. Ne5 {[%clk 1:14:36]} Qb6 {[%clk
1:27:11]} 10. O-O {[%clk 1:03:16]} c5 {[%clk 1:20:20]} 11. Nxd7 {[%clk 0:58:14]}
Nxd7 {[%clk 1:20:36]} 12. dxc5 {[%clk 0:57:31]} Bxc5 {[%clk 1:20:10]} 13. Bxb7
{[%clk 0:52:32]} Qxb7 {[%clk 1:20:29]} 14. Nc3 {[%clk 0:52:33]} O-O {[%clk
1:17:03]} 15. Ne4 {[%clk 0:50:55]} Rac8 {[%clk 1:12:11]} 16. Nxc5 {[%clk
0:51:05]} Rxc5 {[%clk 1:11:55]} 17. Qb3 {[%clk 0:51:23]} Rfc8 {[%clk 1:07:22]}
18. Be3 {[%clk 0:49:59]} Rc2 {[%clk 1:04:35]} 19. Rfd1 {[%clk 0:48:48]} h6 {[%clk
1:00:46]} 20. a4 {[%clk 0:39:29]} b4 {[%clk 0:58:51]} 21. Rd4 {[%clk 0:28:46]} a5
{[%clk 0:55:19]} 22. Rad1 {[%clk 0:27:36]} Ne5 {[%clk 0:48:01]} 23. Rd8+ {[%clk
0:23:58]} Kh7 {[%clk 0:48:18]} 24. Rxc8 {[%clk 0:17:36]} Qxc8 {[%clk 0:46:48]}
25. f4 {[%clk 0:16:41]} Ng4 {[%clk 0:43:33]} 26. Qd3+ {[%clk 0:17:06]} f5 {[%clk
0:38:03]} 27. Bd4 {[%clk 0:17:28]} Kg6 {[%clk 0:32:47]} 28. h3 {[%clk 0:05:19]}
Nf6 {[%clk 0:32:42]} 29. Bxf6 {[%clk 0:05:27]} Kxf6 {[%clk 0:32:16]} 30. Qd4+
{[%clk 0:05:19]} Kg6 {[%clk 0:32:05]} 31. Kf2 {[%clk 0:05:40]} Qc5 {[%clk
0:28:50]} 32. Qxc5 {[%clk 0:05:49]} Rxc5 {[%clk 0:29:16]} 33. Rd6 {[%clk
0:05:53]} Kf6 {[%clk 0:29:08]} 34. Ra6 {[%clk 0:05:55]} Rd5 {[%clk 0:26:20]}
1/2-1/2

[Event "European Women's Championship"]
[Site "Vysoke Tatry"]
[Date "2018.04.13"]
[Round "6"]
[White "Koloditsova, Renata"]
[Black "Cosman, Andreea-Marioara"]
[Result "0-1"]
[Board "68"]
[WhiteElo "1978"]
[WhiteCountry "SVK"]
[WhiteFideId "14927705"]
[WhiteEloChange "-6"]
[BlackElo "2141"]
[BlackTitle "WFM"]
[BlackCountry "ROU"]
[BlackFideId "1217968"]
[BlackEloChange "6"]

1. e4 {[%clk 1:30:53]} c5 {[%clk 1:30:53]} 2. c3 {[%clk 1:31:07]} d5 {[%clk
1:30:58]} 3. exd5 {[%clk 1:31:19]} Qxd5 {[%clk 1:31:21]} 4. d4 {[%clk 1:31:23]}
Nc6 {[%clk 1:31:47]} 5. Nf3 {[%clk 1:31:21]} Bg4 {[%clk 1:32:11]} 6. Be2 {[%clk
1:31:12]} cxd4 {[%clk 1:27:43]} 7. cxd4 {[%clk 1:31:23]} e6 {[%clk 1:24:58]} 8.
Nc3 {[%clk 1:30:56]} Qa5 {[%clk 1:20:42]} 9. h3 {[%clk 1:30:24]} Bh5 {[%clk
1:17:14]} 10. d5 {[%clk 1:30:16]} exd5 {[%clk 1:10:30]} 11. Nd4 {[%clk 1:29:57]}
Bxe2 {[%clk 1:01:31]} 12. Qxe2+ {[%clk 1:30:08]} Be7 {[%clk 1:00:57]} 13. Nxc6
{[%clk 1:29:44]} bxc6 {[%clk 1:01:08]} 14. O-O {[%clk 1:29:08]} Kf8 {[%clk
1:01:34]} 15. Re1 {[%clk 1:28:56]} h5 {[%clk 0:54:02]} 16. Bd2 {[%clk 1:27:19]}
Re8 {[%clk 0:44:16]} 17. Rac1 {[%clk 1:13:16]} Qd8 {[%clk 0:41:19]} 18. Na4
{[%clk 1:05:22]} Nf6 {[%clk 0:37:05]} 19. Qa6 {[%clk 0:51:52]} Ne4 {[%clk
0:32:42]} 20. Ba5 {[%clk 0:45:18]} Qd7 {[%clk 0:30:39]} 21. Rxc6 {[%clk 0:40:12]}
Bh4 {[%clk 0:25:59]} 22. Bb4+ {[%clk 0:21:12]} Kg8 {[%clk 0:25:27]} 23. Rc2
{[%clk 0:07:34]} Rh6 {[%clk 0:20:53]} 24. Qa5 {[%clk 0:04:35]} Bd8 {[%clk
0:20:42]} 25. Nc5 {[%clk 0:03:51]} Bxa5 {[%clk 0:21:02]} 26. Nxd7 {[%clk
0:04:12]} Bxb4 {[%clk 0:21:27]} 27. Rd1 {[%clk 0:01:29]} Rd6 {[%clk 0:16:41]} 28.
Rc7 {[%clk 0:01:49]} a6 {[%clk 0:14:23]} 29. Rb7 {[%clk 0:01:27]} Bc5 {[%clk
0:14:11]} 30. Nxc5 {[%clk 0:01:23]} Nxc5 {[%clk 0:14:32]} 31. Rc7 {[%clk
0:01:47]} Ne6 {[%clk 0:14:55]} 32. Rb7 {[%clk 0:02:05]} d4 {[%clk 0:15:20]} 33.
b4 {[%clk 0:02:01]} d3 {[%clk 0:14:59]} 0-1

[Event "European Women's Championship"]
[Site "Vysoke Tatry"]
[Date "2018.04.13"]
[Round "6"]
[White "Palma, Maria"]
[Black "Leite Oralova, Catarina"]
[Result "0-1"]
[Board "69"]
[WhiteElo "2060"]
[WhiteTitle "WFM"]
[WhiteCountry "ITA"]
[WhiteFideId "898481"]
[WhiteEloChange "-8"]
[BlackElo "2134"]
[BlackTitle "WIM"]
[BlackCountry "POR"]
[BlackFideId "1901222"]
[BlackEloChange "8"]

1. c4 {[%clk 1:30:55]} Nf6 {[%clk 1:30:48]} 2. Nf3 {[%clk 1:31:17]} e6 {[%clk
1:31:03]} 3. g3 {[%clk 1:31:38]} a6 {[%clk 1:31:19]} 4. Bg2 {[%clk 1:31:52]} b5
{[%clk 1:31:29]} 5. b3 {[%clk 1:32:08]} c5 {[%clk 1:27:33]} 6. O-O {[%clk
1:28:15]} Bb7 {[%clk 1:27:35]} 7. Nc3 {[%clk 1:28:22]} Qb6 {[%clk 1:25:45]} 8. d3
{[%clk 1:26:37]} d6 {[%clk 1:24:56]} 9. e3 {[%clk 1:18:11]} Be7 {[%clk 1:22:27]}
10. Qe2 {[%clk 1:16:16]} O-O {[%clk 1:20:41]} 11. Rd1 {[%clk 1:09:16]} Nbd7
{[%clk 1:09:31]} 12. Rb1 {[%clk 1:00:21]} Bc6 {[%clk 0:46:54]} 13. Ne1 {[%clk
0:48:23]} d5 {[%clk 0:34:20]} 14. d4 {[%clk 0:41:06]} Qa5 {[%clk 0:27:46]} 15.
Qc2 {[%clk 0:28:53]} b4 {[%clk 0:20:28]} 16. cxd5 {[%clk 0:26:58]} exd5 {[%clk
0:20:16]} 17. Ne2 {[%clk 0:22:22]} c4 {[%clk 0:19:55]} 18. e4 {[%clk 0:20:11]}
Nxe4 {[%clk 0:16:36]} 19. Bxe4 {[%clk 0:18:27]} dxe4 {[%clk 0:17:04]} 20. d5
{[%clk 0:12:29]} Bxd5 {[%clk 0:15:36]} 21. Nf4 {[%clk 0:10:50]} Nf6 {[%clk
0:13:32]} 22. bxc4 {[%clk 0:10:40]} Bc6 {[%clk 0:13:29]} 23. Qe2 {[%clk 0:09:16]}
Rad8 {[%clk 0:11:27]} 24. Be3 {[%clk 0:08:05]} Rxd1 {[%clk 0:11:45]} 25. Rxd1
{[%clk 0:06:48]} Rd8 {[%clk 0:12:14]} 26. Rb1 {[%clk 0:05:06]} Bc5 {[%clk
0:11:07]} 27. Nc2 {[%clk 0:04:23]} Bxe3 {[%clk 0:07:49]} 28. Nxe3 {[%clk
0:04:45]} Qc5 {[%clk 0:07:37]} 29. Nfd5 {[%clk 0:01:23]} Bxd5 {[%clk 0:03:58]}
30. Nxd5 {[%clk 0:01:46]} Nxd5 {[%clk 0:03:11]} 31. cxd5 {[%clk 0:02:11]} a5
{[%clk 0:03:03]} 32. Qxe4 {[%clk 0:01:54]} Qxd5 {[%clk 0:03:24]} 33. Qe2 {[%clk
0:01:25]} Qd3 {[%clk 0:02:50]} 34. Re1 {[%clk 0:01:30]} Qxe2 {[%clk 0:01:52]} 35.
Rxe2 {[%clk 0:01:55]} f6 {[%clk 0:02:18]} 36. h4 {[%clk 0:00:56]} Kf7 {[%clk
0:02:29]} 37. Rc2 {[%clk 0:01:18]} Rd3 {[%clk 0:02:16]} 38. Kg2 {[%clk 0:01:07]}
Ke6 {[%clk 0:00:58]} 39. Rc8 {[%clk 0:01:16]} Rd2 {[%clk 0:00:41]} 40. Rc7 {[%clk
0:31:02]} Rd7 {[%clk 0:30:40]} 41. Rc2 {[%clk 0:29:34]} Kd5 {[%clk 0:27:14]} 42.
Kf3 {[%clk 0:27:09]} Re7 {[%clk 0:26:17]} 43. Rc8 {[%clk 0:26:58]} Kd4 {[%clk
0:17:42]} 44. Rc6 {[%clk 0:22:24]} Kd3 {[%clk 0:10:58]} 45. g4 {[%clk 0:20:19]}
Ra7 {[%clk 0:10:40]} 46. Rd6+ {[%clk 0:19:43]} Kc3 {[%clk 0:10:49]} 47. Ke2
{[%clk 0:19:59]} a4 {[%clk 0:09:59]} 48. Kd1 {[%clk 0:16:57]} b3 {[%clk 0:08:54]}
49. axb3 {[%clk 0:13:03]} axb3 {[%clk 0:09:23]} 50. Rc6+ {[%clk 0:13:10]} Kb2
{[%clk 0:09:43]} 51. Rb6 {[%clk 0:12:27]} Ka2 {[%clk 0:07:42]} 52. Kc1 {[%clk
0:12:14]} Rc7+ {[%clk 0:07:34]} 53. Kd1 {[%clk 0:12:12]} b2 {[%clk 0:06:09]} 54.
Ra6+ {[%clk 0:12:35]} Kb1 {[%clk 0:06:30]} 55. f3 {[%clk 0:11:21]} Rc3 {[%clk
0:04:46]} 56. f4 {[%clk 0:10:16]} Rc4 {[%clk 0:04:42]} 57. Ra7 {[%clk 0:09:44]}
Rd4+ {[%clk 0:04:35]} 58. Ke2 {[%clk 0:09:51]} Kc2 {[%clk 0:04:55]} 59. Rc7+
{[%clk 0:10:10]} Kb3 {[%clk 0:05:21]} 60. Rb7+ {[%clk 0:10:27]} Rb4 {[%clk
0:05:46]} 0-1

[Event "European Women's Championship"]
[Site "Vysoke Tatry"]
[Date "2018.04.13"]
[Round "6"]
[White "Ferkova, Dominika"]
[Black "Koubova, Anna Marie"]
[Result "0-1"]
[Board "70"]
[WhiteElo "2068"]
[WhiteCountry "SVK"]
[WhiteFideId "14933071"]
[WhiteEloChange "-16"]
[BlackElo "1819"]
[BlackCountry "CZE"]
[BlackFideId "381470"]
[BlackEloChange "16"]

1. d4 {[%clk 1:30:58]} d5 {[%clk 1:30:53]} 2. c4 {[%clk 1:31:20]} dxc4 {[%clk
1:31:18]} 3. Nc3 {[%clk 1:31:41]} a6 {[%clk 1:31:33]} 4. a4 {[%clk 1:31:47]} Nc6
{[%clk 1:31:32]} 5. Nf3 {[%clk 1:30:35]} Bg4 {[%clk 1:30:23]} 6. e3 {[%clk
1:29:36]} Na5 {[%clk 1:29:15]} 7. Be2 {[%clk 1:13:52]} Nf6 {[%clk 1:25:55]} 8.
Ne5 {[%clk 1:10:23]} Be6 {[%clk 1:24:47]} 9. O-O {[%clk 1:03:55]} g6 {[%clk
1:23:46]} 10. Qc2 {[%clk 0:43:36]} c6 {[%clk 1:18:03]} 11. Na2 {[%clk 0:35:59]}
b5 {[%clk 1:15:11]} 12. Nb4 {[%clk 0:25:30]} Bf5 {[%clk 1:08:48]} 13. Qd1 {[%clk
0:25:10]} Qd6 {[%clk 1:08:19]} 14. axb5 {[%clk 0:20:30]} Qxb4 {[%clk 0:53:57]}
15. Bd2 {[%clk 0:20:57]} Qxb2 {[%clk 0:53:30]} 16. Bxa5 {[%clk 0:21:21]} cxb5
{[%clk 0:53:24]} 17. Bf3 {[%clk 0:21:37]} Rc8 {[%clk 0:51:07]} 18. Bb7 {[%clk
0:20:43]} Bg7 {[%clk 0:49:37]} 19. Bxc8 {[%clk 0:18:50]} Bxc8 {[%clk 0:49:59]}
20. Rb1 {[%clk 0:16:00]} Qa2 {[%clk 0:50:10]} 21. Bb4 {[%clk 0:14:11]} O-O {[%clk
0:48:55]} 22. Ra1 {[%clk 0:12:56]} Qb2 {[%clk 0:48:28]} 23. Bxe7 {[%clk 0:13:14]}
Re8 {[%clk 0:48:39]} 24. Ba3 {[%clk 0:13:25]} Qc3 {[%clk 0:47:33]} 25. Qe2 {[%clk
0:11:38]} Bf5 {[%clk 0:45:45]} 26. Bc5 {[%clk 0:08:03]} Ne4 {[%clk 0:44:34]} 27.
Ra3 {[%clk 0:06:35]} Qd2 {[%clk 0:44:32]} 28. Qxd2 {[%clk 0:06:53]} Nxd2 {[%clk
0:44:56]} 29. Rd1 {[%clk 0:07:20]} Nb3 {[%clk 0:44:18]} 30. Nc6 {[%clk 0:05:49]}
Bc2 {[%clk 0:36:07]} 31. Re1 {[%clk 0:04:46]} Nxc5 {[%clk 0:36:02]} 32. dxc5
{[%clk 0:05:15]} Ba4 {[%clk 0:36:08]} 33. Nb4 {[%clk 0:03:34]} Bb2 {[%clk
0:33:35]} 34. Rxa4 {[%clk 0:02:45]} bxa4 {[%clk 0:33:56]} 35. Nd5 {[%clk
0:02:31]} a3 {[%clk 0:32:30]} 36. c6 {[%clk 0:02:39]} a2 {[%clk 0:32:40]} 37. c7
{[%clk 0:02:35]} a1Q {[%clk 0:32:47]} 38. Rxa1 {[%clk 0:03:02]} Bxa1 {[%clk
0:33:08]} 39. Kf1 {[%clk 0:02:44]} Kg7 {[%clk 0:26:40]} 40. Nb6 {[%clk 0:32:34]}
Be5 {[%clk 0:52:18]} 41. c8Q {[%clk 0:32:45]} Rxc8 {[%clk 0:52:38]} 42. Nxc8
{[%clk 0:33:12]} Bxh2 {[%clk 0:51:06]} 43. Ke2 {[%clk 0:31:32]} c3 {[%clk
0:46:57]} 44. f3 {[%clk 0:31:00]} Bg1 {[%clk 0:42:35]} 45. e4 {[%clk 0:31:22]}
Bc5 {[%clk 0:42:21]} 46. Kd3 {[%clk 0:31:25]} Kf6 {[%clk 0:40:38]} 47. Kxc3
{[%clk 0:30:47]} Ke6 {[%clk 0:30:24]} 48. Kc4 {[%clk 0:29:50]} Bf2 {[%clk
0:26:27]} 49. e5 {[%clk 0:29:39]} Kxe5 {[%clk 0:26:50]} 50. Ne7 {[%clk 0:29:55]}
Kf4 {[%clk 0:26:03]} 51. Nd5+ {[%clk 0:29:58]} Kg3 {[%clk 0:25:47]} 52. Nf6
{[%clk 0:30:09]} h5 {[%clk 0:25:30]} 53. Ne4+ {[%clk 0:30:27]} Kxg2 {[%clk
0:25:45]} 54. Ng5 {[%clk 0:30:53]} h4 {[%clk 0:25:23]} 55. Nxf7 {[%clk 0:31:09]}
h3 {[%clk 0:25:38]} 0-1

[Event "European Women's Championship"]
[Site "Vysoke Tatry"]
[Date "2018.04.13"]
[Round "6"]
[White "Serakova, Tatana"]
[Black "Milcova, Zuzana"]
[Result "0-1"]
[Board "71"]
[WhiteElo "1633"]
[WhiteCountry "CZE"]
[WhiteFideId "377856"]
[WhiteEloChange "-2"]
[BlackElo "2033"]
[BlackCountry "SVK"]
[BlackFideId "14920026"]
[BlackEloChange "2"]

1. d4 {[%clk 1:30:56]} Nf6 {[%clk 1:30:54]} 2. Bf4 {[%clk 1:31:21]} e6 {[%clk
1:31:17]} 3. e3 {[%clk 1:31:13]} b6 {[%clk 1:30:57]} 4. Nf3 {[%clk 1:27:33]} Bb7
{[%clk 1:30:59]} 5. Nbd2 {[%clk 1:26:46]} Be7 {[%clk 1:30:33]} 6. h3 {[%clk
1:26:32]} d5 {[%clk 1:27:45]} 7. Bb5+ {[%clk 1:22:14]} c6 {[%clk 1:26:11]} 8. Be2
{[%clk 1:22:19]} Nbd7 {[%clk 1:25:38]} 9. O-O {[%clk 1:22:27]} O-O {[%clk
1:25:34]} 10. c3 {[%clk 1:20:18]} c5 {[%clk 1:20:45]} 11. Re1 {[%clk 1:11:25]} h6
{[%clk 1:12:40]} 12. Rc1 {[%clk 1:06:24]} a6 {[%clk 1:07:44]} 13. dxc5 {[%clk
0:55:42]} Nxc5 {[%clk 0:59:18]} 14. Nb3 {[%clk 0:54:52]} Nfe4 {[%clk 0:54:27]}
15. Nxc5 {[%clk 0:43:19]} Nxc5 {[%clk 0:51:52]} 16. Qd4 {[%clk 0:38:51]} Bf6
{[%clk 0:31:08]} 17. Be5 {[%clk 0:34:30]} Nd7 {[%clk 0:27:31]} 18. Bxf6 {[%clk
0:33:33]} Qxf6 {[%clk 0:27:48]} 19. Qa4 {[%clk 0:28:13]} Nc5 {[%clk 0:23:48]} 20.
Qb4 {[%clk 0:27:25]} e5 {[%clk 0:22:55]} 21. Red1 {[%clk 0:20:48]} Rac8 {[%clk
0:20:58]} 22. Qg4 {[%clk 0:19:32]} b5 {[%clk 0:18:25]} 23. Rd2 {[%clk 0:16:33]}
Rcd8 {[%clk 0:17:42]} 24. Qb4 {[%clk 0:15:52]} Ne4 {[%clk 0:15:10]} 25. Rdd1
{[%clk 0:15:45]} Rd6 {[%clk 0:10:07]} 26. c4 {[%clk 0:09:54]} dxc4 {[%clk
0:08:23]} 27. a4 {[%clk 0:08:35]} Rb6 {[%clk 0:03:08]} 28. axb5 {[%clk 0:07:06]}
axb5 {[%clk 0:03:17]} 29. Rd7 {[%clk 0:04:23]} Nxf2 {[%clk 0:02:46]} 30. Kxf2
{[%clk 0:04:16]} e4 {[%clk 0:03:10]} 31. Rd4 {[%clk 0:02:55]} exf3 {[%clk
0:03:23]} 32. Rf4 {[%clk 0:02:58]} Qd6 {[%clk 0:03:07]} 33. Qxd6 {[%clk 0:02:11]}
Rxd6 {[%clk 0:03:36]} 34. gxf3 {[%clk 0:02:18]} Rd2 {[%clk 0:03:19]} 35. Rf5
{[%clk 0:01:08]} Rxb2 {[%clk 0:03:33]} 36. Ke1 {[%clk 0:01:00]} Rd8 {[%clk
0:03:48]} 37. Rd1 {[%clk 0:00:41]} Rxd1+ {[%clk 0:03:25]} 38. Kxd1 {[%clk
0:00:55]} Bc8 {[%clk 0:03:29]} 39. Rc5 {[%clk 0:00:36]} Bxh3 {[%clk 0:03:36]} 40.
Rd5 {[%clk 0:30:34]} Be6 {[%clk 0:33:33]} 41. Rc5 {[%clk 0:30:35]} g6 {[%clk
0:30:38]} 42. e4 {[%clk 0:27:22]} h5 {[%clk 0:28:44]} 43. Rg5 {[%clk 0:25:51]} b4
{[%clk 0:24:58]} 44. f4 {[%clk 0:24:59]} c3 {[%clk 0:25:03]} 45. Rc5 {[%clk
0:15:23]} Bb3+ {[%clk 0:24:24]} 46. Ke1 {[%clk 0:15:20]} Rb1+ {[%clk 0:24:21]}
47. Kf2 {[%clk 0:15:21]} c2 {[%clk 0:24:28]} 48. Rc8+ {[%clk 0:14:09]} Kg7 {[%clk
0:24:42]} 49. Bd3 {[%clk 0:14:32]} c1Q {[%clk 0:24:56]} 50. Rxc1 {[%clk 0:14:30]}
Rxc1 {[%clk 0:25:20]} 0-1